000 00382nam a2200145Ia 4500
008 220530s9999 xx 000 0 und d
040 _aeng
082 _a616.01
100 _aSP NAIK AND MG KARMARKAR
_962131
245 _aA HANDBOOK OF PRATICAL MEDICAL MICROBIOLOGY
250 _aFIRST
260 _aBOMBAY
_bVORA PUBLICATION
_c2006
300 _a100
650 _aMICROBIOLOGY
_962132
999 _c2934
_d2934